[Event "GER-chT U12"]
[Site "Magdeburg"]
[Date "2021.08.06"]
[Round "3.9"]
[White "Plath, Erik"]
[Black "Pauser, Kilian"]
[Result "1/2-1/2"]
[WhiteElo "864"]
[BlackElo "1020"]
[PlyCount "46"]
[EventDate "2021.08.04"]
[EventType "team-swiss"]
[EventRounds "7"]
[EventCountry "GER"]
[SourceTitle "EXT 2022"]
[Source "ChessBase"]
[SourceDate "2021.10.06"]
[SourceVersion "1"]
[SourceVersionDate "2021.10.06"]
[SourceQuality "1"]
[WhiteTeam "Werder Bremen"]
[BlackTeam "Nauen Hellas"]
[WhiteTeamCountry "GER"]
[BlackTeamCountry "GER"]

1. e4 e5 2. f4 Bc5 3. Nf3 d6 4. Bc4 Nc6 5. Nc3 Nf6 6. d3 0-0 7. h3 Be6 8. Bb3 Qd7 9. Ba4 Qe7 10. f5 Bd7 11. Nd5 Nxd5 12. exd5 Nd4 13. Bxd7 Qxd7 14. Nxd4 Bxd4 15. c3 Bb6 16. Qg4 f6 17. Bh6 Kh8 18. Bd2 Qf7 19. c4 Bd4 20. Bc3 Bb6 21. Rf1 Rae8 22. 0-0-0 Re7 23. Rfe1 Rd8 1/2-1/2

[Event "GER-ch U25-C"]
[Site "Willingen"]
[Date "2019.06.13"]
[Round "7"]
[White "Pauser, Kilian"]
[Black "Schilay, Vinzenz"]
[Result "0-1"]
[WhiteElo "995"]
[BlackElo "1111"]
[PlyCount "68"]
[EventDate "2019.06.08"]
[EventType "swiss"]
[EventRounds "9"]
[EventCountry "GER"]
[SourceTitle "CBM 191 Extra"]
[Source "ChessBase"]
[SourceDate "2019.09.30"]
[SourceVersion "1"]
[SourceVersionDate "2019.09.30"]
[SourceQuality "1"]

1. e4 e5 2. Nf3 Nc6 3. Bc4 Bc5 4. b4 Bxb4 5. c3 Ba5 6. d4 exd4 7. 0-0 dxc3 8. Qb3 Qf6 9. Bg5 Qg6 10. Nxc3 Bxc3 11. Qxc3 Nf6 12. e5 Ne4 13. Qe3 0-0 14. Bd3 d5 15. exd6 f5 16. Bc4+ Kh8 17. dxc7 Be6 18. Bb5 Rfc8 19. Bf4 Nb4 20. Ne5 Qf6 21. Nd7 Qe7 22. Qa3 Bxd7 23. Bxd7 Qxd7 24. Qxb4 b6 25. Rad1 Qf7 26. f3 Nc5 27. Rd2 h6 28. Rfd1 Qe7 29. Rd7 Qe8 30. R7d5 a5 31. Qxb6 Kh7 32. Qxc5 a4 33. Rd8 Rxd8 34. Rxd8 Qe1# 0-1

[Event "GER-ch U25-C"]
[Site "Willingen"]
[Date "2019.06.11"]
[Round "4"]
[White "Buchholz, Jan Robert"]
[Black "Pauser, Kilian"]
[Result "1-0"]
[WhiteElo "1229"]
[BlackElo "995"]
[PlyCount "56"]
[EventDate "2019.06.08"]
[EventType "swiss"]
[EventRounds "9"]
[EventCountry "GER"]
[SourceTitle "CBM 191 Extra"]
[Source "ChessBase"]
[SourceDate "2019.09.30"]
[SourceVersion "1"]
[SourceVersionDate "2019.09.30"]
[SourceQuality "1"]

1. c4 e5 2. g3 Nf6 3. Bg2 c6 4. e3 d5 5. cxd5 cxd5 6. Ne2 e4 7. b3 Bg4 8. 0-0 Bb4 9. a3 Be7 10. Re1 Nbd7 11. d3 Ne5 12. dxe4 Qd7 13. exd5 Nf3+ 14. Bxf3 Bxf3 15. Qd3 0-0 16. Nbc3 Qh3 17. Nf4 Qh6 18. e4 Bg4 19. e5 Nh5 20. Ne6 g5 21. Nxf8 Qxf8 22. d6 Bd8 23. Qe4 Bc8 24. Be3 Qe8 25. Nd5 Be6 26. g4 Bxd5 27. Qxd5 Ng7 28. Qxb7 Bb6 1-0

[Event "GER-ch U25-C"]
[Site "Willingen"]
[Date "2019.06.09"]
[Round "2"]
[White "Wechtenbruch, Jamie"]
[Black "Pauser, Kilian"]
[Result "1-0"]
[WhiteElo "1371"]
[BlackElo "995"]
[PlyCount "57"]
[EventDate "2019.06.08"]
[EventType "swiss"]
[EventRounds "9"]
[EventCountry "GER"]
[SourceTitle "CBM 191 Extra"]
[Source "ChessBase"]
[SourceDate "2019.09.30"]
[SourceVersion "1"]
[SourceVersionDate "2019.09.30"]
[SourceQuality "1"]

1. e4 e5 2. Nf3 Nc6 3. d4 exd4 4. Nxd4 Bc5 5. Nb3 Bb6 6. Nc3 Qf6 7. Qf3 d6 8. Bb5 Qxf3 9. Bxc6+ bxc6 10. gxf3 Nf6 11. Be3 0-0 12. Rg1 Bxe3 13. fxe3 Ba6 14. 0-0-0 d5 15. exd5 cxd5 16. Nxd5 Nxd5 17. Rxd5 Be2 18. f4 Rfe8 19. Rg3 Red8 20. Rd2 Rxd2 21. Kxd2 Bh5 22. e4 Re8 23. e5 Rd8+ 24. Rd3 Rb8 25. Kc1 Kf8 26. Nd4 Rb4 27. c3 Ra4 28. a3 c5 29. Nc6 1-0